000 01397cam a2200397Ii 4500
001 sjds2068626
003 sjds
005 20180623203245.0
008 130502s2013 ohu e 000 0 spa d
020 _a9781624167164 (paperback)
020 _a1624167160 (paperback)
035 _a1357835
035 _a(OCoLC)841891680
_z(OCoLC)905877239
035 _a(OCoLC)ocn841891680
035 _a1357835
040 _aBTCTA
_beng
_erda
_cBTCTA
_dSJP
_dOCLCF
_dAU@
_dOCL
_dOCLCO
_dCHY
_dIFA
041 1 _aspa
_heng
049 _aIFAA
099 _a248.843
_f2013
999 _c20973
_d20973
999 _bESPANOL 248.843 HOY 2013
245 0 0 _aHoy Dios quiere que sepas :
_binspiración para el alma de la mujer.
260 _aUhrichsville, Ohio :
_bCasa Promesa, una division de Barbour Publishing Inc.,
_c[2013]
264 1 _aUhrichsville, Ohio :
_bCasa Promesa, una division de Barbour Publishing Inc.,
_c[2013]
300 _a1 volume (unpaged) ;
_c15 cm
336 _atext
_btxt
_2rdacontent
337 _aunmediated
_bn
_2rdamedia
338 _avolume
_bnc
_2rdacarrier
500 _a"Inspiración para la vida."
520 _aDevotional especially for women.
546 _aIn Spanish.
650 0 _aChristian women
_vPrayers and devotions.
650 0 _aChristian women
_xReligious life.
650 7 _aMujeres cristianas
_xVida religiosa.
_2bidex
730 0 _aToday, God wants you to know.
_lSpanish.
942 _cBK